书目信息 |
| 题名: |
昆曲史话
|
|
| 作者: | 刘祯 , 马晓霓 著 | |
| 分册: | ||
| 出版信息: | 北京 社会科学文献出版社 2016 |
|
| 页数: | 145页 | |
| 开本: | 21cm | |
| 丛书名: | 中国史话 | |
| 单 册: | ||
| 中图分类: | J821.9 | |
| 科图分类: | ||
| 主题词: | 昆曲--kun qu--戏曲史 | |
| 电子资源: | ||
| ISBN: | 978-7-5097-9324-4 | |
| 000 | 01011nam0 22002891 450 | |
| 001 | 0102093641 | |
| 005 | 20170402093641.0 | |
| 010 | @a978-7-5097-9324-4@dCNY25.00 | |
| 100 | @a20160901d2016 em y0chiy50 ea | |
| 101 | 0 | @achi |
| 102 | @aCN@b110000 | |
| 105 | @aa z 000yy | |
| 106 | @ar | |
| 200 | 1 | @a昆曲史话@Akun qu shi hua@dA brief history of Kunqu opera@f刘祯,马晓霓著@zeng |
| 210 | @a北京@c社会科学文献出版社@d2016 | |
| 215 | @a145页@c图,照片@d21cm | |
| 225 | 2 | @a中国史话@Azhong guo shi hua@i文化系列 |
| 300 | @a“十二五”国家重点图书出版规划项目 | |
| 330 | @a本书介绍了昆曲的形成与发展、演唱艺术、经典剧目、演艺大师等,充分展示了昆曲的独特艺术魅力。此外,本书还配有珍贵的史料照片。 | |
| 461 | 0 | @12001 @a中国史话@i文化系列 |
| 510 | 1 | @aBrief history of Kunqu opera@zeng |
| 606 | 0 | @a昆曲@Akun qu@x戏曲史 |
| 690 | @aJ821.9@v5 | |
| 701 | 0 | @a刘祯@Aliu zhen@f(1963~)@4著 |
| 701 | 0 | @a马晓霓@Ama xiao ni@4著 |
| 801 | 0 | @aCN@bTANGWEI@c20170308 |
| 905 | @b0964594-6@dJ821.9@e155@f3 | |
| 昆曲史话=A brief history of Kunqu opera/刘祯,马晓霓著.-北京:社会科学文献出版社,2016 |
| 145页:图,照片;21cm.-(中国史话.文化系列) |
| “十二五”国家重点图书出版规划项目 |
| ISBN 978-7-5097-9324-4:CNY25.00 |
| 本书介绍了昆曲的形成与发展、演唱艺术、经典剧目、演艺大师等,充分展示了昆曲的独特艺术魅力。此外,本书还配有珍贵的史料照片。 |
| ● |
| 相关链接 |
|
|
|
|
正题名:昆曲史话
索取号:J821.9/155
 
预约/预借
| 序号 | 登录号 | 条形码 | 馆藏地/架位号 | 状态 | 备注 |
| 1 | 0964594 | 209645945 | 第一样本阅览室/ [索取号:J821.9/155] | 在馆 | |
| 2 | 0964595 | 209645954 | 第一借阅区/ [索取号:J821.9/155] | 在馆 | |
| 3 | 0964596 | 209645963 | 第一借阅区/ [索取号:J821.9/155] | 在馆 |